000 01240nam0a2200349 4500
001 RU\NLR\bibl\1313078
005 20250615154616.0
010 _a978-5-17-048293-1
_bАСТ
010 _a978-5-9713-7598-2
_bАСТ МОСКВА
010 _a978-5-226-00347-9
_bВКТ
_95000
021 _aRU
_b2008-88144
_95146
035 _a(nilc)IZD\AST\2007\807555
035 _a(NLR Aleph) 001298506
090 _a604161
_c604161
100 _a20080813d2008 |||y0rusy50 ca
101 1 _arus
_ceng
102 _aRU
105 _ay |||||||||
200 1 _aСезон охоты
_fДин Винсент Картер
_g[пер. с англ. Е. Гематудиновой]
210 _aМосква
_cАСТ
_cАСТ МОСКВА
_aВладимир
_cВКТ
_d2008
215 _a221 с.
_d21
686 _a0651
_aЗарубежная фантастика
_2TCC-BG
686 _a0654
_aЛитература ужасов
_2TCC-BG
686 _aШ6(4Вл)67-445{Лх1299-62}
700 1 _aКартер
_bД. В.
_gДин Винсент
_4070
801 0 _aRU
_bЛИБНЕТ
_c20080813
801 1 _aRU
_bЦУНБ Москва
_c20080901
_2rusmarc
801 2 _aRU
_bNLR
_c20081226
_grcr
830 _aпо кн
942 _cBOOK
980 _aNB